|
|
|
|
| LEADER |
00000nam a2900000 4500 |
| 001 |
000074982 |
| 005 |
20061219223600.0 |
| 008 |
012704s1985 a 000 spa d |
| 020 |
|
|
|a 8420511811
|
| 050 |
|
4 |
|a QC462.85 T3
|b 1985
|
| 090 |
|
|
|a QC462.85 T3
|b 1985
|
| 100 |
1 |
|
|a Pretsch, Ernö,
|d 1942- [et al.]
|
| 245 |
1 |
|
|a Tablas para la elucidación estructural de compuestos orgánicos por métodos espectroscópicos
|
| 250 |
|
|
|a 2a. corr.
|
| 260 |
|
|
|a Madrid :
|b Alhambra,
|c 1985
|
| 300 |
|
|
|a A-Z p. :
|b il.
|
| 440 |
|
0 |
|a Vertix ;
|v 44
|
| 650 |
|
4 |
|a Análisis espectral
|x Tablas
|
| 650 |
|
4 |
|a Química orgánica
|x Tablas
|
| 905 |
|
|
|a LIBROS
|
| 902 |
|
|
|a Guadalupe Guevara y Navarro
|
| 949 |
|
|
|a Biblioteca UAM Iztapalapa
|b Colección General
|c QC462.85 T3 1985
|